000
00252nam a22001217a 4500
003
SGT
082
_a
920.008
_b
BOL
100
_a
BOLIVAR SIMON
245
_a
THE HOPE OF THE UNIVERSE
260
_a
FRANCE
_b
UNESCO
_c
1983
300
_a
326
942
_2
ddc
_c
BK
999
_c
33359
_d
33359